000 00627cam a22001814a 4500
005 20250605164352.0
008 250528s ||||||||||||||||||||||||d
035 _a24145
040 _aGR-AtMCL
_bgre
_dGR-AtMCL
_eAACR2
245 1 _aState-of-the Art Photography and Immersive AR/ MR Rxperiences with Longest-Range 3D ToF Imager
260 _bEe Times Europe,
_c2020
300 _a59
520 _aSpecial Report: Memory Technology, Artificial Empathy in the Next Decade, Protecting the Industrial Cloud from Cyberattacks.
700 1 _aPele Anne Francoise
_99414
942 _cCR
999 _c9043
_d9043